书目信息 |
| 题名: |
美国人谈美国
|
|
| 作者: | 特克尔 , Terkel 著 ;王槐挺 注释 | |
| 分册: | ||
| 出版信息: | 北京 中国对外翻译出版公司 1982 |
|
| 页数: | 335页 | |
| 开本: | 19cm | |
| 丛书名: | ||
| 单 册: | ||
| 中图分类: | H319.4 , H31 | |
| 科图分类: | ||
| 主题词: | 英语--课外读物 | |
| 电子资源: | ||
| ISBN: | ||
| 000 | 00785nam0 2200289 450 | |
| 001 | 1554368528 | |
| 005 | 20150120150638.50 | |
| 010 | @dCNY1.15 | |
| 091 | @a90220.8 | |
| 100 | @a19950703d1982 em y0chiy0110 ea | |
| 101 | 2 | @achi@aeng |
| 102 | @aCN@b110000 | |
| 105 | @ay z 000yy | |
| 200 | 1 | @a美国人谈美国@9mei guo ren tan mei guo@f(美)特克尔(Terkel,S)著@g王槐挺注释 |
| 210 | @a北京@c中国对外翻译出版公司@d1982 | |
| 215 | @a335页@d19cm | |
| 300 | @a英语注释读物 | |
| 300 | @a书名原文:Working | |
| 510 | 1 | @aWorking@zeng |
| 606 | 0 | @a英语@x课外读物 |
| 690 | @aH319.4@v5 | |
| 690 | @aH31@v4 | |
| 701 | 1 | @a特克尔@9te ke er@bS.@4著 |
| 701 | 1 | @aTerkel@bS.@4著 |
| 702 | 0 | @a王槐挺@9wang huai ting@4注释 |
| 801 | 0 | @aCN@bTSSF@c20150120 |
| 905 | @aZUCC@dH31@eJY226 | |
| 美国人谈美国/(美)特克尔(Terkel,S)著/王槐挺注释.-北京:中国对外翻译出版公司,1982 |
| 335页;19cm |
| 英语注释读物.-书名原文:Working |
| ISBN :CNY1.15 |
| ● |
| 相关链接 |
|
|
|
|
正题名:美国人谈美国
索取号:H31/JY226
 
预约/预借
| 序号 | 登录号 | 条形码 | 馆藏地/架位号 | 状态 | 备注 |
| 1 | 7836278 | 278362781 | 学院路分馆/ [索取号:H31/JY226] | 在馆 |